Preparar un triatlón en 4 horas por semana/Eric Harr (Registro nro. 19399)

Detalles MARC
000 -LEADER
fixed length control field 00524nam a22001931a 4500
001 - CONTROL NUMBER
control field 19399
003 - CONTROL NUMBER IDENTIFIER
control field OSt
005 - DATE AND TIME OF LATEST TRANSACTION
control field 20260204212451.0
008 - FIXED-LENGTH DATA ELEMENTS--GENERAL INFORMATION
fixed length control field 190508s2015||||spa||||||b||||||||||spa||
020 ## - NUMERO DE LIBRO INTERNACIONAL NORMALIZADO
International Standard Book Number 9788497358682
082 ## - DEWEY DECIMAL CLASSIFICATION NUMBER
Classification number 796.4257 H296p
100 ## - ASIENTO PRINCIPAL -- NOMBRE PERSONAL
Personal name Harr, Eric
245 ## - TÍTULO PROPIAMENTE DICHO: SUBTÍTULO
Title Preparar un triatlón en 4 horas por semana/Eric Harr
264 ## - PRODUCTION, PUBLICATION, DISTRIBUTION, MANUFACTURE, AND COPYRIGHT NOTICE
Place of production, publication, distribution, manufacture Barcelona,España:Editorial Amat
300 ## - PHYSICAL DESCRIPTION
Extensión 268 Páginas
500 ## - GENERAL NOTE
General note Incluye índice, glosario de términos
650 ## - ASIENTO SECUNDARIO DE MATERIA -- TERMINO TEMÁTICO
Termino Temático Como Elemento de Entrada Deporte 2.TriatlónÌ
942 ## - ADDED ENTRY ELEMENTS (KOHA)
Source of classification or shelving scheme Dewey Decimal Classification
Koha item type Libros
Existencias
Withdrawn status Lost status Source of classification or shelving scheme Damaged status Not for loan Current library Date acquired Total Checkouts Full call number Barcode Date last seen Price effective from Koha item type
    Dewey Decimal Classification     Biblioteca UTECO 09/09/2019   796.4257 H296P 019058 09/09/2019 09/09/2019 Libros
    Dewey Decimal Classification     Biblioteca UTECO 09/09/2019   796.4257 H296P 019059 09/09/2019 09/09/2019 Libros
    Dewey Decimal Classification     Biblioteca UTECO 09/09/2019   796.4257 H296P 019060 09/09/2019 09/09/2019 Libros
© 2021 Derechos Reservados UTECO - Teléfono: +1 809-585-2291 - Correo electrónico: biblioteca@uteco.edu.do​  
Código postal 43000 ​​
Dirección: Avenida Universitaria No. 100, 
Cotuí, Provincia Sánchez Ramírez, República Dominicana - RNC: 404-00059-6